000 00211nam a22000857a 4500
008 170624b xxu||||| |||| 00| 0 eng d
100 _93663
_aBrunkus. D
245 _aJunie B first grader at last
260 _aU. S
_c2001
999 _c7078
_d7078